| 000 | 00357nam a22001337a 4500 | ||
|---|---|---|---|
| 082 |
_aCP60 _bME-103 |
||
| 100 |
_aSitwat Mahood _951005 |
||
| 245 |
_aMechanical Engineering _cSitwat Mahood |
||
| 250 | _a2015 | ||
| 260 |
_aRisalpur _bMCE _cSpring Semester 2016 |
||
| 500 | _aOD-82/CED-83 | ||
| 526 |
_a0 _b0 _c0 _dCP_000000000000000_60_ME103 |
||
| 942 |
_2ddc _cBKB |
||
| 999 |
_c553738 _d553738 |
||